<?xml version="1.0" encoding="UTF-8"?>
<record
    xmlns:xsi="http://www.w3.org/2001/XMLSchema-instance"
    xsi:schemaLocation="http://www.loc.gov/MARC21/slim http://www.loc.gov/standards/marcxml/schema/MARC21slim.xsd"
    xmlns="http://www.loc.gov/MARC21/slim">

  <leader>00355cam a22001097a 4500</leader>
  <controlfield tag="008">180718bn.d   xxu||||| |||| 00| 0 eng d</controlfield>
  <datafield tag="082" ind1=" " ind2=" ">
    <subfield code="a">B71103x5434 A</subfield>
  </datafield>
  <datafield tag="100" ind1=" " ind2=" ">
    <subfield code="a">Rajasthan. Law and Judicial (A) Department</subfield>
  </datafield>
  <datafield tag="245" ind1=" " ind2=" ">
    <subfield code="a">The Rajasthan Panchayat samitis and Zila Paraishad Act, 1959 (Act No. 37 of 1959)</subfield>
  </datafield>
  <datafield tag="260" ind1=" " ind2=" ">
    <subfield code="a">Jaipur</subfield>
    <subfield code="b">The author</subfield>
    <subfield code="c">n.d</subfield>
  </datafield>
  <datafield tag="300" ind1=" " ind2=" ">
    <subfield code="a">57p</subfield>
  </datafield>
  <datafield tag="999" ind1=" " ind2=" ">
    <subfield code="c">493547</subfield>
    <subfield code="d">493547</subfield>
  </datafield>
  <datafield tag="952" ind1=" " ind2=" ">
    <subfield code="0">0</subfield>
    <subfield code="1">0</subfield>
    <subfield code="4">0</subfield>
    <subfield code="7">0</subfield>
    <subfield code="a">IIPA</subfield>
    <subfield code="b">IIPA</subfield>
    <subfield code="d">2018-08-04</subfield>
    <subfield code="o">B71103x5434 A</subfield>
    <subfield code="p">GR3029</subfield>
    <subfield code="r">2018-08-04</subfield>
    <subfield code="w">2018-08-04</subfield>
    <subfield code="y">GR</subfield>
  </datafield>
</record>
